| 000 | 01068 a2200229 4500 | ||
|---|---|---|---|
| 003 | NUST | ||
| 005 | 20221215162045.0 | ||
| 010 | _a 97020932 | ||
| 020 | _a0071157492 | ||
| 040 | _cNust | ||
| 082 | 0 | 0 | _a327,HEN |
| 100 | 1 |
_aHenderson, Conway W. _9105015 |
|
| 245 | 1 | 0 |
_aInternational relations : _bconflict and cooperation at the turn of the 21st century / _cConway W. Henderson. |
| 260 |
_aBoston : _bMcGraw Hill, _cc1998. |
||
| 300 |
_axvi, 520 p. : _bill., maps (some col.) ; _c24 cm. |
||
| 505 | _aPart-1: Understanding International Relations (Page-1), Part-2: The Instruments of International Relations (Page-97), Part-3:The Struggle for World Order (Page-309), Part-4: Sharing a Planet and planetary Experience (Page-427), Part-5: Conclusions (Page-491). | ||
| 650 | 0 |
_aInternational cooperation. _912487 |
|
| 650 | 0 | _aInternational relations. | |
| 856 | 4 | 2 |
_3Publisher description _uhttp://www.loc.gov/catdir/description/mh023/97020932.html |
| 856 | 4 | 2 |
_3Table of contents _uhttp://www.loc.gov/catdir/toc/mh022/97020932.html |
| 942 |
_2ddc _cBK _k327,HEN |
||
| 999 |
_c184098 _d184098 |
||